000 00288nam a22001217a 4500
008 171221b xxu||||| |||| 00| 0 eng d
041 _aeng
080 _a617
100 _a8
101 _aOFT
245 _aTHE OF HANDBOOK OF EXTERNAL DISEASES OF THE EYE
_cBOHIGIAN,G.M
942 _2udc
_cBK
999 _c39279
_d39279